Statistics for Countries Without a Military

Click here to take the quiz!

General Stats

  • This quiz has been taken 17 times
  • The average score is 12 of 15

Answer Stats

Country% Correct
Vatican City
100%
Nauru
87%
Samoa
87%
Kiribati
80%
Liechtenstein
80%
Saint Lucia
80%
St Vincent and the Grenadines
80%
Andorra
73%
Grenada
73%
Marshall Islands
73%
Palau
73%
Tuvalu
73%
Federated States of Micronesia
67%
Solomon Islands
67%
Dominica
60%

Score Distribution

Percentile by Number Answered

Percent of People with Each Score

Your Score History

You have not taken this quiz